Ο λιμός / (Record no. 10046)
[ view plain ]
| 000 -LEADER | |
|---|---|
| fixed length control field | 02716nam a22002177a 4500 |
| 003 - ΤΑΥΤΟΤΗΤΑ ΤΟΥ ΑΡΙΘΜΟΥ ΕΛΕΓΧΟΥ | |
| Πεδίο ελέγχου | GR-AtMCL |
| 005 - ΗΜΕΡΟΜΗΝΙΑ ΚΑΙ ΩΡΑ ΤΕΛΕΥΤΑΙΑΣ ΕΝΗΜΕΡΩΣΗΣ | |
| Πεδίο ελέγχου | 20260114111058.0 |
| 006 - FIXED-LENGTH DATA ELEMENTS--ADDITIONAL MATERIAL CHARACTERISTICS | |
| Πεδίο ελέγχου σταθερού μήκους | a|||||r||||||||||| |
| 008 - FIXED-LENGTH DATA ELEMENTS--GENERAL INFORMATION | |
| Πεδίο ελέγχου σταθερού μήκους | s2018||||gr g ||| gre d |
| 020 ## - ISBN | |
| ISBN | 9789606056246 |
| 040 ## - ΠΗΓΗ ΚΑΤΑΛΟΓΟΓΡΑΦΗΣΗΣ | |
| Γλώσσα καταλογογράφησης | Ελληνικά, Μοντέρνα (1453-) |
| Φορέας πρωτότυπης καταλογογράφησης | MC Athens Campus Library |
| Modifying agency | MC Athens Campus Library |
| Κανόνες περιγραφικής καταλογογράφησης | AACR2 |
| 100 ## - MAIN ENTRY--PERSONAL NAME | |
| Personal name | Αμυράς, Πάνος |
| 9 (RLIN) | 10265 |
| 245 02 - ΤΙΤΛΟΣ ΚΑΙ ΔΗΛΩΣΗ ΥΠΕΥΘΥΝΟΤΗΤΑΣ | |
| Τίτλος | Ο λιμός / |
| Statement of responsibility, etc. | Πάνος Αμυράς |
| 260 ## - PUBLICATION, DISTRIBUTION, ETC. | |
| Place of publication, distribution, etc. | Αθήνα : |
| Name of publisher, distributor, etc. | Διόπτρα, |
| Date of publication, distribution, etc. | 2018 |
| 300 ## - PHYSICAL DESCRIPTION | |
| Extent | 437 σ.; |
| Other physical details | 21 εκ. |
| 520 ## - SUMMARY, ETC. | |
| Summary, etc. | Αθήνα, Δεκέμβριος 1941. Η πόλη έχει βυθιστεί στον εφιάλτη του μεγάλου λιμού. Ένας λοχαγός των Ες Ες, ο οποίος ερευνά μια υπόθεση για λογαριασμό του υπουργού Προπαγάνδας Γιόζεφ Γκέμπελς, δολοφονείται άγρια στο ξενοδοχείο Μεγάλη Βρεταννία. Την έρευνα της δολοφονίας αναλαμβάνει ο υπαστυνόμος Νίκος Αγραφιώτης, ο οποίος επιστρέφει στην ενεργό δράση ύστερα από το καθεστώς διαθεσιμότητας που είχε τεθεί μετά την κλοπή της σβάστικας στην Ακρόπολη. Η υπόθεση παίρνει γρήγορα απρόβλεπτες διαστάσεις και ο υπαστυνόμος θα διαπιστώσει ότι έχει εμπλακεί σε ένα φονικό παιχνίδι στο οποίο συμμετέχουν μαυραγορίτες, μέλη της δωσιλογικής κυβέρνησης, επίορκα στελέχη της Ειδικής Ασφάλειας και αξιωματικοί των Ες Ες. Μέσα από την περιπλάνησή του σε παράνομα στέκια, καζίνο και καμπαρέ αλλά και στα κολαστήρια της Γκεστάπο, θα αναζητήσει την αλήθεια, ενώ με τη βοήθεια ενός βετεράνου της αστυνομίας και μιας μυστηριώδους κοπέλας θα βρεθεί μπροστά σε ένα παράτολμο σχέδιο που θα κρίνει χιλιάδες ζωές. Ένα συναρπαστικό μυθιστόρημα, βασισμένο σε αληθινά γεγονότα, που φωτίζει την πιο σκοτεινή περίοδο της Κατοχής και αναδεικνύει άγνωστους έως τώρα πρωταγωνιστές. |
| 650 #0 - SUBJECT ADDED ENTRY--TOPICAL TERM | |
| Topical term or geographic name entry element | Ελληνική λογοτεχνία |
| 9 (RLIN) | 10264 |
| 653 ## - INDEX TERM--UNCONTROLLED | |
| Μη ελεγχόμενοι όροι | Λογοτεχνία |
| 942 ## - ADDED ENTRY ELEMENTS (KOHA) | |
| Koha item type | Books |
| Τύπος τεκμηρίου | Βιβλιοθήκη | Τρέχουσα τοποθεσία | Barcode | Αριθμός εισαγωγής | Ημερομηνία απόκτησης | Ταξιθετικό σύμβολο | Αριθμός αντιτύπου | Κατάσταση απόσυρσης | Κατάσταση χαμένου | Κατάσταση κατεστραμμένου | Μη δανεισμός | Σύνολο δανεισμών | Ημερομηνία τελευταίας εμφάνισης | Η τιμή ισχύει από |
|---|---|---|---|---|---|---|---|---|---|---|---|---|---|---|
| Books | MC Athens Campus Library | MC Athens Campus Library | 9780000100542 | 8249 | 14/01/2026 | 889.3 ΑΜΥ | 1 | 14/01/2026 | 14/01/2026 |